| 000 | 01586cam a2200301 a 4500 | ||
|---|---|---|---|
| 001 | 3033590 | ||
| 003 | OSt | ||
| 005 | 20211222130343.0 | ||
| 008 | 950601s1997 nyua 001 0 eng | ||
| 010 | _a 95022777 | ||
| 020 | _a0393926230 | ||
| 040 |
_aDLC _cDLC _dDLC |
||
| 050 | 0 | 0 | _aHB172.S86 |
| 082 | 0 | 0 |
_a338.5 _220 |
| 100 | 1 | _aStiglitz, Joseph E. | |
| 245 | 1 | 0 |
_aPrinciples of microeconomics. / _cJoseph E. Stiglitz, Carl E. Walsh |
| 246 | 3 | _aPrinciples of micro-economics | |
| 250 | _a4th ed. | ||
| 260 |
_aNew York : _bW.W. Norton, _c2006. |
||
| 300 |
_axxxv, 495, 21 p. : _bcol. ill. ; |
||
| 500 | _aIncludes index. | ||
| 505 | _aContents: 1. Introduction: Modern economics -- thinking like an economist -- 2. Prefect markets: Demand, supply and price -- Using demand and supply -- The consumption decision -- The firm's costs --The competitive firm -- Labor markets -- Capital markets -- The efficiency of competitive markets -- 3. Imperfect markets: Introduction to imperfect markets: Monopoly, monopolistic competition, and oligopoly -- Government policies toward competition -- Strategic behavior -- Imperfections in the labor market -- 4. Issues in public policy: The public sector -- Environmental economics -- International trade and trade policy -- Technological change -- A student's guide to investing -- | ||
| 650 | 0 | _aMicroeconomics. | |
| 700 | _qWalsh, Carl E. | ||
| 906 |
_a7 _bcbc _corignew _d1 _eocip _f19 _gy-gencatlg |
||
| 942 |
_2lcc _cBK |
||
| 999 |
_c8364 _d15864 |
||